| 000 | 00415nam a22001817a 4500 | ||
|---|---|---|---|
| 003 | NUST | ||
| 020 | _a978-0-07-106967-0 | ||
| 038 | _aKhadija | ||
| 082 |
_a621.4022 _bHOL |
||
| 100 |
_aHolman, J P. _987124 |
||
| 245 |
_aHeat Transfer / _cJ P Holman |
||
| 250 | _a10th | ||
| 260 |
_aNew Delhi : _bMcGraw Hill , _c2014. |
||
| 300 |
_a674 p. ; _b24 cm. |
||
| 500 | _aPaperback. | ||
| 563 | _aPB | ||
| 942 |
_cBK _2ddc |
||
| 999 |
_c33643 _d33643 |
||